Normal view MARC view

Entry Personal Name

Number of records used in: 1

001 - CONTROL NUMBER

  • control field: 9693

003 - CONTROL NUMBER IDENTIFIER

  • control field: DLC

005 - DATE AND TIME OF LATEST TRANSACTION

  • control field: 20231007110524.0

008 - FIXED-LENGTH DATA ELEMENTS

  • fixed length control field: 060928n| azannaabn |a aaa

010 ## - LIBRARY OF CONGRESS CONTROL NUMBER

  • LC control number: n 2006215529

024 7# - OTHER STANDARD IDENTIFIER

  • Standard number or code: 0000000073697196
  • Source of number or code: isni

024 7# - OTHER STANDARD IDENTIFIER

  • Standard number or code: 46204147
  • Source of number or code: viaf

035 ## - SYSTEM CONTROL NUMBER

  • System control number: (OCoLC)oca07065736

040 ## - CATALOGING SOURCE

  • Original cataloging agency: DLC
  • Language of cataloging: eng
  • Description conventions: rda
  • Transcribing agency: DLC
  • Modifying agency: DLC
  • Modifying agency: MWalB
  • Modifying agency: DLC

046 ## - SPECIAL CODED DATES

  • Birth date: 1972
  • Source of date scheme: edtf

053 #0 - LC CLASSIFICATION NUMBER

  • Classification number element--single number or beginning number of span: PR9499.4.H373

100 1# - HEADING--PERSONAL NAME

  • Personal name: Hasan, Anjum

370 ## - ASSOCIATED PLACE

  • Place of birth: Shillong (India)
  • Associated country: India
  • Place of residence/headquarters: Bangalore (India)
  • Source of term: naf

372 ## - FIELD OF ACTIVITY

  • Field of activity: Writing
  • Source of term: lcsh

374 ## - OCCUPATION

  • Occupation: Authors
  • Source of term: lcsh

375 ## - GENDER

  • Gender: Females
  • Source of term: lcdgt

377 ## - ASSOCIATED LANGUAGE

  • Language code: eng

400 0# - SEE FROM TRACING--PERSONAL NAME

  • Personal name: Anjum Hasan

670 ## - SOURCE DATA FOUND

  • Source citation: Hasan, Anjum. Street on the hill, 2006:
  • Information found: t.p. (Anjum Hasan)

670 ## - SOURCE DATA FOUND

  • Source citation: Lunatic in my head, 2007:
  • Information found: p. 1 (she was born in Shilong; now lives in Bangalore; recipient of Indian review of Book award in 1994)

670 ## - SOURCE DATA FOUND

  • Source citation: The cosmopolitans, 2015:
  • Information found: title page (Anjum Hasan)

670 ## - SOURCE DATA FOUND

  • Source citation: Wikidata via Wikipedia, September 29, 2016
  • Information found: (Anjum Hasan; VIAF identifier: 46204147; ISNI: 0000000073697196; sex or gender: female; place of birth: Shillong; occupation: writer; country of citizenship: India)
  • Uniform Resource Identifier: http://www.wikidata.org/entity/Q4765887

670 ## - SOURCE DATA FOUND

  • Source citation: Red Hen Anthology of Contemporary Indian Writing, 2022:
  • Information found: cip t.p. (Anjum Hasan, born

678 0# - BIOGRAPHICAL OR HISTORICAL DATA

  • Biographical or historical data: Anjum Hasan is an Indian novelist, short story writer, poet, and editor. She was born in Shillong, Meghalaya and currently lives in Bangalore, Karnataka, India.
  • Uniform Resource Identifier: https://en.wikipedia.org/wiki/Anjum_Hasan

Powered by Koha